China tomorrow : democracy or dictatorship? /

Bibliographic Details
Main Author: Cabestan, Jean-Pierre (Author)
Corporate Author: ProQuest (Firm)
Other Authors: Jayaram, N., 1955- (Translator)
Format: eBook
Language:English
Published: Lanham : Rowman & Littlefield, [2019]
Subjects:
Online Access:Connect to the full text of this electronic book

MARC

Tag First Indicator Second Indicator Subfields
LEADER 00000cam a22000001i 4500
001 in00004002002
006 m |o d |
007 cr |n|||||||||
008 190725s2019 mdu ob 001 0 eng d
005 20250816222537.8
020 |a 9781538129593 (electronic bk.) 
020 |a 1538129590 (electronic bk.) 
020 |z 9781538129579 
020 |z 1538129574 
020 |z 9781538129586 
020 |z 1538129582 
024 8 |a 99981432517 
035 |a (NhCcYBP)ebc5777925 
040 |a NhCcYBP  |c NhCcYBP  |d UtOrBLW 
041 1 |a eng  |h fre 
043 |a a-cc--- 
050 4 |a JQ1519.A45  |b C3313 2019 
082 0 4 |a 320.951  |2 23 
100 1 |a Cabestan, Jean-Pierre,  |e author.  |0 http://id.loc.gov/authorities/names/no2019024961 
240 1 0 |a Demain la Chine.  |l English 
245 1 0 |a China tomorrow :  |b democracy or dictatorship? /  |c Jean-Pierre Cabestan ; translated by N. Jayaram. 
264 1 |a Lanham :  |b Rowman & Littlefield,  |c [2019] 
300 |a 1 online resource. 
336 |a text  |b txt  |2 rdacontent 
337 |a computer  |b c  |2 rdamedia 
338 |a online resource  |b cr  |2 rdacarrier 
500 |a Translated from the French 
504 |a Includes bibliographical references and index. 
505 0 |a Introduction: The Chinese political regime's future : a resurgent debate -- China's current political system : a strong, sustainable, authoritarian equilibrium -- Bureaucratic tradition and Soviet model : patterns of state hegemony -- Democratic culture : repressed, fragile, and distorted -- Civil society : leashed by the party-state -- The role of elites : shaping political evolution -- China's future : towards an authoritarian and imperial political system -- Conclusion: A regime on extended reprieve. 
588 |a Description based on print version record. 
500 |a Electronic resource. 
650 0 |a One-party systems  |z China. 
650 0 |a Political culture  |z China.  |0 http://id.loc.gov/authorities/subjects/sh2008109582 
650 0 |a Authoritarianism  |z China. 
650 0 |a Democratization  |z China.  |0 http://id.loc.gov/authorities/subjects/sh2009123171 
651 0 |a China  |x Politics and government  |y 2002-  |0 http://id.loc.gov/authorities/subjects/sh2004009498 
651 0 |a China  |x Politics and government  |x Forecasting. 
655 7 |a Electronic books.  |2 local 
700 1 |a Jayaram, N.,  |d 1955-  |e translator.  |0 http://id.loc.gov/authorities/names/no2019024886 
710 2 |a ProQuest (Firm)  |0 http://id.loc.gov/authorities/names/n2007068018 
776 1 8 |i Online version:  |a Cabestan, Jean-Pierre, author.  |t China tomorrow  |d Lanham : Rowman & Littlefield, [2019]  |z 9781538129593  |w (DLC) 2019019976 
776 1 8 |c Original  |z 9781538129579  |z 1538129574  |z 9781538129586  |z 1538129582  |w (DLC) 2019003467 
856 4 0 |u https://ebookcentral.proquest.com/lib/tamucs/detail.action?docID=5777925  |z Connect to the full text of this electronic book  |t 0 
955 |a YBP purchased approval e-records 
980 |b 165.00  |g 1 
987 |a ybp300558525 
999 f f |s fea91f1b-4922-342b-ad89-31d2b3311d9b  |i 997723cc-7b2a-3a20-a2cb-47252138e948  |t 0 
952 f f |a Texas A&M University  |b College Station  |c Electronic Resources  |d Available Online  |t 0  |e JQ1519.A45 C3313 2019  |h Library of Congress classification 
998 f f |a JQ1519.A45 C3313 2019  |t 0  |l Available Online